Programme of arrangements for visiting Egypt, the Nile, Sudan, Palestine and Syria : with maps, illustrations and plans of steamers.
محفوظ في:
مؤلف مشترك:
التنسيق: كتاب
اللغة: English
منشور في:
London :
T. Cook & Son,
[1929?].
الموضوعات:
الوسوم: إضافة وسم
لا توجد وسوم, كن أول من يضع وسما على هذه التسجيلة!
رقم الطلب: DT55 .C77 1929
| LEADER | 00949nam a2200253Ia 4500 | ||
|---|---|---|---|
| 003 | OSt | ||
| 005 | 20260429103636.0 | ||
| 008 | 211223s1929 enkab 000 0 eng d | ||
| 040 | |c ARCE Library | ||
| 050 | 4 | |a DT55 .C77 1929 | |
| 110 | 2 | |a Thomas Cook Ltd. | |
| 245 | 1 | 0 | |a Programme of arrangements for visiting Egypt, the Nile, Sudan, Palestine and Syria : |b with maps, illustrations and plans of steamers. |
| 246 | 1 | |i At head of title: |a Cook's Nile services and Palestine tours, season 1927-28. | |
| 246 | 1 | 4 | |a Egypt, the Nile and Palestine. |
| 264 | 1 | |a London : |b T. Cook & Son, |c [1929?]. | |
| 300 | |a 107 pages : |b illustrations, maps ; |c 24 cm. | ||
| 651 | 0 | |a Egypt |x Description and travel. | |
| 651 | 0 | |a Nile River |x Description and travel. | |
| 651 | 0 | |a Sudan |x Description and travel. | |
| 651 | 0 | |a Palestine |x Description and travel. | |
| 651 | 0 | |a Syria |x Description and travel. | |
| 901 | |a reviewed | ||
| 942 | |2 lcc |c BK | ||
| 999 | |c 41161 |d 41161 | ||
